000167449 001__ 167449
000167449 005__ 20260121151437.0
000167449 037__ $$aTAZ-TFG-2025-588
000167449 041__ $$aspa
000167449 1001_ $$aCollado Sánchez, Claudia
000167449 24200 $$aImprovement plan: Establishment of assisted therapy with dogs in oncological pediatric patients
000167449 24500 $$aPlan de mejora para la implantación de terapia asistida con perros en pacientes pediátricos oncológicos
000167449 260__ $$aZaragoza$$bUniversidad de Zaragoza$$c2025
000167449 506__ $$aby-nc-sa$$bCreative Commons$$c3.0$$uhttp://creativecommons.org/licenses/by-nc-sa/3.0/
000167449 520__ $$aLlevar a cabo una propuesta a los hospitales, para la posible implantación de un nuevo recurso para los pacientes; en este caso la terapia asistida por perros a los pacientes pedíatricos oncológicos; ya que numerosos estudios han concluido que este tipo de terapia es beneficiosa para el estado emocional de los pacientes y de sus familias.<br />El plan de mejora se llevaría a cabo por una asociación especializada en esta terapia, y con una experiencia previa en otros centros sanitarios, con la que nos pondríamos en contacto para conocer su forma de trabajo.<br />También se tendría en cuenta los testimonios de otros hospitales que ya cuenten con este recurso, y conocer como realizan la terapia y sesiones, además de como ha sido la acogida por parte del personal sanitario del servicio, de los pacientes y sus familias.<br /><br />
000167449 521__ $$aGraduado en Enfermería
000167449 540__ $$aDerechos regulados por licencia Creative Commons
000167449 691__ $$a3
000167449 692__ $$aMejora de la calidad de vida de los pacientes que reciban la terapia asistida con animales.
000167449 700__ $$aSubías Perié, Jorge$$edir.
000167449 7102_ $$aUniversidad de Zaragoza$$bFisiatría y Enfermería$$cEnfermería
000167449 8560_ $$f841600@celes.unizar.es
000167449 8564_ $$s1754242$$uhttps://zaguan.unizar.es/record/167449/files/TAZ-TFG-2025-588.pdf$$yMemoria (spa)
000167449 909CO $$ooai:zaguan.unizar.es:167449$$pdriver$$ptrabajos-fin-grado
000167449 950__ $$a
000167449 951__ $$adeposita:2026-01-21
000167449 980__ $$aTAZ$$bTFG$$cEUCS
000167449 999__ $$a20250511183834.CREATION_DATE